000 00574cam a2200205ua 4500
001 778
005 20260515113226.0
008 110420n ii |||gr||||Z||||||eng
020 _a81-237-0734-7
040 _cMAIN
082 _a342.54
245 1 _aOur constitution. :
_ban introduction ti India`s constitutional law. /
_cBy Subhash C Kashyap.
250 _a4th.
260 _aNew Delhi.:
_bNational book trust.,
_c2005.
300 _axxvi, 380 p.:
_c20 cm.
653 _aPolitical science.
653 _aOur constitution.
700 _aKashyap, Subhash C.,
942 _cBK
999 _c704
_d704